MARC details
| 000 -CABECERA |
| campo de control de longitud fija |
01782nam a2200301 i 4500 |
| 001 - NÚMERO DE CONTROL |
| campo de control |
000026297 |
| 003 - IDENTIFICADOR DEL NÚMERO DE CONTROL |
| campo de control |
DO-SdBNP |
| 005 - FECHA Y HORA DE LA ÚLTIMA TRANSACCIÓN |
| campo de control |
20250407115500.0 |
| 007 - CAMPO FIJO DE DESCRIPCIÓN FÍSICA--INFORMACIÓN GENERAL |
| campo de control de longitud fija |
ta |
| 008 - DATOS DE LONGITUD FIJA--INFORMACIÓN GENERAL |
| campo de control de longitud fija |
110310s1997 dr 000 e spa d |
| 040 ## - FUENTE DE LA CATALOGACIÓN |
| Centro catalogador/agencia de origen |
DO-SdBNP |
| Lengua de catalogación |
spa |
| Centro/agencia transcriptor |
BNPHU |
| Normas de descripción |
rda |
| 082 #4 - NÚMERO DE LA CLASIFICACIÓN DECIMAL DEWEY |
| Número de clasificación |
923 |
| Número de documento/Ítem |
V468p |
| Número de edición |
22 |
| 100 1# - ENTRADA PRINCIPAL--NOMBRE DE PERSONA |
| Nombre de persona |
Ventura, Juan |
| 9 (RLIN) |
34784 |
| Término indicativo de función/relación |
autor |
| Código de función/relación |
aut. |
| 245 10 - MENCIÓN DE TÍTULO |
| Título |
Figuras puertoplateñas / |
| Mención de responsabilidad, etc. |
Juan Ventura. |
| 264 #1 - PRODUCCIÓN, PUBLICACIÓN, DISTRIBUCIÓN, FABRICACIÓN Y COPYRIGHT |
| Producción, publicación, distribución, fabricación y copyright |
Santo Domingo : |
| Nombre del de productor, editor, distribuidor, fabricante |
Cantera Gráfica, |
| Fecha de producción, publicación, distribución, fabricación o copyright |
1994 |
| 300 ## - DESCRIPCIÓN FÍSICA |
| Extensión |
volumen ; |
| Dimensiones |
21 cm. |
| 336 ## - TIPO DE CONTENIDO |
| Fuente |
rdacontent |
| Término de tipo de contenido |
texto |
| Código de tipo de contenido |
txt |
| 337 ## - TIPO DE MEDIO |
| Fuente |
rdamedia |
| Nombre/término del tipo de medio |
sin medición |
| Código del tipo de medio |
n |
| 338 ## - TIPO DE SOPORTE |
| Fuente |
rdacarrier |
| Nombre/término del tipo de soporte |
volumen |
| Código del tipo de soporte |
nc |
| 500 ## - NOTA GENERAL |
| Nota general |
Incluye datos biográfico del autor en la contracubierta. |
| 504 ## - NOTA DE BIBLIOGRAFÍA, ETC. |
| Nota de bibliografía, etc. |
Incluye referencia bibliográficas y notas al pie de páginas. |
| 505 ## - NOTA DE CONTENIDO CON FORMATO |
| Nota de contenido con formato |
Volumen 1. |
| Información miscelánea |
Introducción. |
| Título |
General Gregorio Luperón.-- General Ulises Heureaux.-- Lic. Emilio Prud‘Homme.-- Don Ricardo Limardo.-- Lic. Emilio Rodríguez Demorizi.-- Margarita Mears.-- José del Carmen Ariza T.-- Andrés Brugal y Montaner.-- Jaime Henry Colson Trenwell.-- Antera Mota.-- Mary Lithgow Pierce.-- José Dubeau Bremount.-- Lic. Luis José Dubús.-- Don Natalio Redondo.-- General Segundo Francisco Imbert.-- Dr. Hipólito Rodríguez Sánchez (Polo).-- |
| -- |
Félix Gerónimo Escaño Peña.-- Don Pedro Ceballos León.-- Lic. Aramando Rodríguez Victoria.-- José Ramón López y Lora.--Lic. Francisco J. Peynado y Tuttlinger.-- Lic. Henry Enmanuel Ashton Hodge.-- Francisco Carlos Ortea y Kennedy.-- Jesús María Santos. |
| 590 ## - NOTA LOCAL (RLIN) |
| Nota local |
Inventariado 2023 / MF |
| 651 #4 - PUNTO DE ACCESO ADICIONAL DE MATERIA--NOMBRE GEOGRÁFICO |
| Nombre geográfico |
Puerto Plata (República Dominicana{Rpara} |
| Subdivisión general |
Biografías |
| 9 (RLIN) |
53328 |
| 651 #4 - PUNTO DE ACCESO ADICIONAL DE MATERIA--NOMBRE GEOGRÁFICO |
| Nombre geográfico |
Puerto Plata (República Dominicana{Rpara} |
| Subdivisión general |
Historia Local |
| 9 (RLIN) |
1943 |
| 651 #4 - PUNTO DE ACCESO ADICIONAL DE MATERIA--NOMBRE GEOGRÁFICO |
| Nombre geográfico |
Ciudades y Pueblos |
| Subdivisión geográfica |
República Dominicana |
| 9 (RLIN) |
33769 |
| 942 ## - ELEMENTOS DE PUNTO DE ACCESO ADICIONAL (KOHA) |
| Fuente del sistema de clasificación o colocación |
Dewey Decimal Classification |
| Tipo de ítem Koha |
Libro |